A helyi - ezen belül is a budapesti - rádiók létjogosultsága

Elmentve itt :
Bibliográfiai részletek
Szerző: Brieger Éva Andrea
További közreműködők: Varsányi Zsuzsa (Témavezető)
Dokumentumtípus: Szakdolgozat
Megjelent: 2005
Tárgyszavak:
Online Access:http://diploma.bibl.u-szeged.hu/38645
LEADER 00581nta a2200157 i 4500
001 dipl38645
005 20130426093027.0
008 130426s2005 hu om 0|| hun d
040 |a SZTE Diploma Repozitórium  |b hun 
041 |a hun 
100 1 |a Brieger Éva Andrea 
245 1 2 |a A helyi - ezen belül is a budapesti - rádiók létjogosultsága  |h [elektronikus dokumentum] /  |c Éva Andrea Brieger 
260 |c 2005 
650 4 |a Bölcsészettudományok 
700 1 |a Varsányi Zsuzsa  |e ths 
856 4 0 |u http://diploma.bibl.u-szeged.hu/id/eprint/38645/1/2005_brieger_eva_andrea.pdf  |z Dokumentum-elérés